000 00923cam a2200241 4500
008 000000n2000 000 0 eng u
020 _a0860175162
035 _a(Sirsi) u106177
041 _aENG
050 _a624.16
100 _aChapman, T
110 _aConstruction Industry Research and Information Association
_94810
245 _aModular gravity retaining walls: design guidance
260 _aLondon
_bCIRIA
_c2000
300 _a201p. ; 30cm
490 _aCIRIA
_vC516
520 _aSets out good practice in the planning, selection design, installation, and maintenance of low-height modular retaining walls. The report accords with design to Eurocode 7 pt 1 and to BS8002: 1994, and is also consistent with design to Highways Agency Standards.
650 _aGRAVITY WALLS
650 _aBS 8002
650 _aMODULAR RETAINING WALLS
690 _aBUILT ENVIRONMENT-CONSTRUCTION DESIGN
942 _n0
999 _c100535
_d100535